Control systems : (Record no. 6799)

MARC details
000 -LEADER
fixed length control field 00633nam a22002057a 4500
003 - CONTROL NUMBER IDENTIFIER
control field OSt
005 - DATE AND TIME OF LATEST TRANSACTION
control field 20251204101635.0
008 - FIXED-LENGTH DATA ELEMENTS--GENERAL INFORMATION
fixed length control field 251204b |||||||| |||| 00| 0 eng d
020 ## - INTERNATIONAL STANDARD BOOK NUMBER
International Standard Book Number 0-07-123912-X
040 ## - CATALOGING SOURCE
Original cataloging agency DWC-Main lib
Transcribing agency OC
082 ## - DEWEY DECIMAL CLASSIFICATION NUMBER
Classification number Circ. 629.8 G659 2002
100 ## - MAIN ENTRY--PERSONAL NAME
Personal name Gopal, M.
245 ## - TITLE STATEMENT
Title Control systems :
Remainder of title principles and design
Statement of responsibility, etc. Gopal, M
260 ## - PUBLICATION, DISTRIBUTION, ETC.
Place of publication, distribution, etc. Boston :
Name of publisher, distributor, etc. McGraw-Hill,
Date of publication, distribution, etc. c2002
300 ## - PHYSICAL DESCRIPTION
Extent xvii, 971 pages ;
Dimensions 23 cm.
504 ## - BIBLIOGRAPHY, ETC. NOTE
Bibliography, etc. note Includes index
650 ## - SUBJECT ADDED ENTRY--TOPICAL TERM
Source of heading or term Control theory
650 ## - SUBJECT ADDED ENTRY--TOPICAL TERM
Source of heading or term Automatic control
942 ## - ADDED ENTRY ELEMENTS (KOHA)
Source of classification or shelving scheme Dewey Decimal Classification
Koha item type Book Circulation
Classification part Circ. 629.8 G659 2002
Call number prefix Circ.
Suppress in OPAC No
952 ## - LOCATION AND ITEM INFORMATION (KOHA)
--
952 ## - LOCATION AND ITEM INFORMATION (KOHA)
--
952 ## - LOCATION AND ITEM INFORMATION (KOHA)
--
Holdings
Withdrawn status Lost status Source of classification or shelving scheme Damaged status Not for loan Home library Current library Shelving location Date acquired Source of acquisition Cost, normal purchase price Total Checkouts Full call number Barcode Date last seen Copy number Price effective from Koha item type Uniform Resource Identifier
    Dewey Decimal Classification     College Library College Library Circulation 08/25/2005 School Fund 595.00   Circ. 629.8 G659 2002 CL42274 12/04/2025 c3 12/04/2025 BK-CIRC
    Dewey Decimal Classification     College Library College Library Circulation 08/25/2005 School Fund 595.00   Circ. 629.8 G659 2002 CL42273 12/04/2025 c2 12/04/2025 BK-CIRC
    Dewey Decimal Classification     College Library College Library Circulation 08/25/2005 School Fund 595.00   Circ. 629.8 G659 2002 CL42272 12/04/2025 c1 12/04/2025 BK-CIRC